Elements of Literature (Fiction) - Statistics

General Stats
  • This quiz has been taken 205 times
  • The average score is 3 of 5
Answer Stats
Element % Correct
plot
91%
character
87%
setting
55%
conflict
42%
theme
35%
No matching quizzes found
Score Distribution
Percent of People with Each Score
Percentile by Number Answered
Your Score History
You have not taken this quiz